000
00220nam a22000857a 4500
008
160702b xxu||||| |||| 00| 0 eng d
100
_9
1789
_a
Dhawan, M.L
245
_a
Education Status in India
260
_a
Delhi
_b
Isha
_c
2005
999
_c
1493
_d
1493